<?xml version="1.0" encoding="UTF-8"?><?xml-stylesheet type="text/xsl" href="static/style.xsl"?><OAI-PMH xmlns="http://www.openarchives.org/OAI/2.0/" xmlns:xsi="http://www.w3.org/2001/XMLSchema-instance" xsi:schemaLocation="http://www.openarchives.org/OAI/2.0/ http://www.openarchives.org/OAI/2.0/OAI-PMH.xsd"><responseDate>2026-04-17T13:56:36Z</responseDate><request verb="GetRecord" identifier="oai:www.recercat.cat:10256/27685" metadataPrefix="marc">https://recercat.cat/oai/request</request><GetRecord><record><header><identifier>oai:recercat.cat:10256/27685</identifier><datestamp>2025-11-15T11:14:34Z</datestamp><setSpec>com_2072_452955</setSpec><setSpec>com_2072_2054</setSpec><setSpec>col_2072_453072</setSpec></header><metadata><record xmlns="http://www.loc.gov/MARC21/slim" xmlns:dcterms="http://purl.org/dc/terms/" xmlns:xsi="http://www.w3.org/2001/XMLSchema-instance" xmlns:doc="http://www.lyncode.com/xoai" xsi:schemaLocation="http://www.loc.gov/MARC21/slim http://www.loc.gov/standards/marcxml/schema/MARC21slim.xsd">
   <leader>00925njm 22002777a 4500</leader>
   <datafield ind2=" " ind1=" " tag="042">
      <subfield code="a">dc</subfield>
   </datafield>
   <datafield ind2=" " ind1=" " tag="720">
      <subfield code="a">Gallego Alonso, Ana Belén</subfield>
      <subfield code="e">author</subfield>
   </datafield>
   <datafield ind2=" " ind1=" " tag="720">
      <subfield code="a">Navarrete Hidalgo, Jaime</subfield>
      <subfield code="e">author</subfield>
   </datafield>
   <datafield ind2=" " ind1=" " tag="720">
      <subfield code="a">Gorinelli, Simone</subfield>
      <subfield code="e">author</subfield>
   </datafield>
   <datafield ind2=" " ind1=" " tag="720">
      <subfield code="a">Brandolin, Francesca</subfield>
      <subfield code="e">author</subfield>
   </datafield>
   <datafield ind2=" " ind1=" " tag="720">
      <subfield code="a">Lappalainen, Päivi</subfield>
      <subfield code="e">author</subfield>
   </datafield>
   <datafield ind2=" " ind1=" " tag="720">
      <subfield code="a">Golijani-Moghaddam, Nima</subfield>
      <subfield code="e">author</subfield>
   </datafield>
   <datafield ind2=" " ind1=" " tag="720">
      <subfield code="a">Dawson, David L.</subfield>
      <subfield code="e">author</subfield>
   </datafield>
   <datafield ind2=" " ind1=" " tag="720">
      <subfield code="a">Lappalainen, Raimo</subfield>
      <subfield code="e">author</subfield>
   </datafield>
   <datafield ind2=" " ind1=" " tag="720">
      <subfield code="a">Luciano, Juan V.</subfield>
      <subfield code="e">author</subfield>
   </datafield>
   <datafield ind2=" " ind1=" " tag="260">
      <subfield code="c">2025-10</subfield>
   </datafield>
   <datafield ind2=" " ind1=" " tag="520">
      <subfield code="a">Introduction: Psychological flexibility is a core concept in Acceptance and Commitment Therapy, with several self-report instruments developed to measure it. One multidimensional measure is the Comprehensive Assessment of Acceptance and Commitment Therapy Processes (CompACT). This study is the first to test a bifactor structure of the CompACT providing new insights into its dimensional structure and how scores should be computed. Additionally, the study validates the Finnish version of the instrument. Methods: Data from five distinct non-clinical Finnish (n = 281) and British samples (n = 690) were obtained. The internal structure of the CompACT was examined through confirmatory factor analysis. For the Finnish samples, reliability, construct validity, and sensitivity to change were also performed. Results: The bifactor structure was the best-fitting model across Finnish and British samples, supporting both a general psychological flexibility factor and three specific subcomponents: openness to experience, behavioral awareness, and valued action. The Finnish version of the CompACT demonstrated good internal consistency, strong construct validity, and significant correlations with mindfulness, well-being, stress, and depression measures. Additionally, the measure was sensitive to change in psychological flexibility following ACT-based interventions, with moderate-to-large effect sizes. Discussion: This study represents a significant advancement in the psychometric evaluation of the CompACT, providing the first empirical evidence that a bifactor model offers the optimal structural representation of the measure. The bifactor structure supports, for the first time, the computation of both an overarching psychological flexibility score and subscale scores in the CompACT, reinforcing the theoretical conceptualization of psychological flexibility. These findings contribute to the refinement of psychological flexibility measurement and offer valuable insights for both research and clinical applications. Future studies should further investigate the bifactor model's added value over other established measures of psychological flexibility</subfield>
   </datafield>
   <datafield ind2=" " ind1=" " tag="520">
      <subfield code="a">Jaime Navarrete has a postdoctoral contract funded by CIBERESP (CB22/02/00052; PI: Juan V. Luciano). We are also grateful to the Institute of Health Carlos III (ISCIII; PI22/00829) for its support. Open Access funding provided thanks to the CRUE-CSIC agreement with Elsevier</subfield>
   </datafield>
   <datafield ind1="8" ind2=" " tag="024">
      <subfield code="a">http://hdl.handle.net/10256/27685</subfield>
   </datafield>
   <datafield tag="653" ind2=" " ind1=" ">
      <subfield code="a">Teràpia d'acceptació i compromís</subfield>
   </datafield>
   <datafield tag="653" ind2=" " ind1=" ">
      <subfield code="a">Acceptance and commitment therapy</subfield>
   </datafield>
   <datafield tag="653" ind2=" " ind1=" ">
      <subfield code="a">Adaptabilitat (Psicologia)</subfield>
   </datafield>
   <datafield tag="653" ind2=" " ind1=" ">
      <subfield code="a">Adaptability (Psychology)</subfield>
   </datafield>
   <datafield tag="653" ind2=" " ind1=" ">
      <subfield code="a">Anàlisi factorial</subfield>
   </datafield>
   <datafield tag="653" ind2=" " ind1=" ">
      <subfield code="a">Factor analysis</subfield>
   </datafield>
   <datafield ind2="0" ind1="0" tag="245">
      <subfield code="a">Testing a bifactor model of the comprehensive assessment of acceptance and Commitment Therapy Processes (CompACT) in Finnish and British populations</subfield>
   </datafield>
</record></metadata></record></GetRecord></OAI-PMH>